[Event "AUT-ch Seniors 65"]
[Site "Deutschlandsberg"]
[Date "2018.04.23"]
[Round "2"]
[White "Saeckl, Guenther"]
[Black "Karall, Lorenz"]
[Result "0-1"]
[WhiteElo "1521"]
[BlackElo "1926"]
[PlyCount "96"]
[EventDate "2018.04.22"]
[EventType "swiss"]
[EventRounds "7"]
[EventCountry "AUT"]
[SourceTitle "CBM 184 Extra"]
[Source "ChessBase"]
[SourceDate "2018.06.28"]
[SourceVersion "1"]
[SourceVersionDate "2018.06.28"]
[SourceQuality "1"]

1. e4 d6 2. d4 Nf6 3. Nc3 c6 4. Nf3 g6 5. Bg5 Bg4 6. h3 Be6 7. Bd3 Bg7 8. Qd2 Qa5 9. 0-0 h6 10. Bh4 g5 11. Bg3 g4 12. hxg4 Bxg4 13. Nh4 Nh5 14. Nf5 Bxf5 15. exf5 Nxg3 16. fxg3 Bxd4+ 17. Rf2 Nd7 18. Kf1 Bxf2 19. Qxf2 Ne5 20. a3 0-0-0 21. Be2 Qb6 22. Qxb6 axb6 23. b3 d5 24. Na4 Kc7 25. Nb2 Rdg8 26. Kf2 Rg5 27. g4 h5 28. gxh5 Rxf5+ 29. Ke3 Rg8 30. Rg1 Rg3+ 31. Kd2 Rf2 32. Nd1 Rfxg2 33. Rh1 Nf3+ 34. Kd3 Ng1+ 35. Kd2 Rxe2+ 36. Kc1 Re1 37. Rh2 Nf3 38. Rf2 e5 39. h6 e4 40. h7 Rh3 41. c3 Rxh7 42. Kc2 Rhh1 43. b4 Rxd1 44. Kb3 Rb1+ 45. Rb2 Nd2+ 46. Kc2 Rhc1+ 47. Kxd2 e3+ 48. Kxe3 Rxb2 0-1

[Event "Leitersdorf Region-ch"]
[Site "Leitersdorf"]
[Date "2017.01.08"]
[Round "5.14"]
[White "Sulzer, Manfred"]
[Black "Saeckl, Guenther"]
[Result "1-0"]
[WhiteElo "1721"]
[BlackElo "1537"]
[PlyCount "63"]
[EventDate "2017.01.04"]
[EventType "swiss"]
[EventRounds "5"]
[EventCountry "AUT"]
[SourceTitle "EXT 2024"]
[Source "ChessBase"]
[SourceDate "2023.10.10"]
[SourceVersion "1"]
[SourceVersionDate "2023.10.10"]
[SourceQuality "1"]

1. e4 e5 2. Nf3 Nc6 3. Bb5 d6 4. 0-0 Bg4 5. c3 h5 6. d4 a6 7. Ba4 exd4 8. Bxc6+ bxc6 9. cxd4 Ne7 10. Re1 h4 11. Nbd2 h3 12. g3 f6 13. b3 Ng6 14. Qc2 Qd7 15. e5 Bf5 16. exf6+ Kd8 17. Qc3 gxf6 18. d5 cxd5 19. Qxf6+ Kc8 20. Bb2 Kb7 21. Qd4 Rh7 22. Qxd5+ c6 23. Qa5 Bg7 24. Bxg7 Rxg7 25. Nc4 Qc7 26. Qxf5 Rf8 27. Qd3 d5 28. Ncd2 Nf4 29. Qc3 Rfg8 30. Qe5 Qf7 31. Re3 Rf8 32. Rae1 1-0

[Event "Leitersdorf op"]
[Site "Leitersdorf"]
[Date "2016.01.06"]
[Round "5"]
[White "Mileder, Peter"]
[Black "Saeckl, Guenther"]
[Result "0-1"]
[WhiteElo "1288"]
[BlackElo "1559"]
[PlyCount "70"]
[EventDate "2016.01.02"]
[EventType "swiss"]
[EventRounds "5"]
[EventCountry "AUT"]
[SourceTitle "CBM 170 Extra"]
[Source "ChessBase"]
[SourceDate "2016.02.25"]
[SourceVersion "1"]
[SourceVersionDate "2016.02.25"]
[SourceQuality "1"]

1. d4 Nf6 2. Nc3 d5 3. Nf3 Nc6 4. e3 Bf5 5. Bd3 Ne4 6. Nh4 e6 7. Nxe4 dxe4 8. Nxf5 exd3 9. Ng3 dxc2 10. Qxc2 Bd6 11. f4 Qh4 12. 0-0 0-0 13. a3 f5 14. Bd2 Rf6 15. Nh1 Rh6 16. h3 Rg6 17. Be1 Qxh3 18. g3 Rh6 19. Qg2 Qh5 20. Bc3 Ne7 21. Kf2 Nd5 22. Bd2 Nf6 23. Ke1 c6 24. Nf2 Qf7 25. Ke2 c5 26. Bc3 Re8 27. Rg1 Ng4 28. Rh1 cxd4 29. Bxd4 e5 30. Bxa7 Qc4+ 31. Ke1 Nxe3 32. Bxe3 exf4 33. gxf4 Rxe3+ 34. Kd2 Re2+ 35. Kd1 Qc2# 0-1

[Event "Leitersdorf op"]
[Site "Leitersdorf"]
[Date "2016.01.04"]
[Round "3"]
[White "Schernthaner, Markus"]
[Black "Saeckl, Guenther"]
[Result "1-0"]
[WhiteElo "1171"]
[BlackElo "1559"]
[PlyCount "79"]
[EventDate "2016.01.02"]
[EventType "swiss"]
[EventRounds "5"]
[EventCountry "AUT"]
[SourceTitle "CBM 170 Extra"]
[Source "ChessBase"]
[SourceDate "2016.02.25"]
[SourceVersion "1"]
[SourceVersionDate "2016.02.25"]
[SourceQuality "1"]

1. e4 e5 2. Nf3 Nc6 3. Bc4 Nf6 4. Nc3 Bc5 5. d3 h6 6. h3 d6 7. Na4 a6 8. Nxc5 dxc5 9. a4 Nh7 10. Be3 Qd6 11. c3 Qg6 12. Nh4 Qf6 13. Nf3 b6 14. Bd5 Bd7 15. 0-0 Rd8 16. Nh2 Qg6 17. Qf3 h5 18. Bxc6 Bxc6 19. Rfd1 Rxd3 20. Rxd3 Bxe4 21. Qg3 Bxd3 22. Qxe5+ Qe6 23. Qxg7 Rf8 24. Nf3 Nf6 25. Bg5 Ne4 26. Bh6 Qd6 27. Re1 Kd7 28. Qxf8 Qxf8 29. Bxf8 Ke8 30. Bh6 Kd7 31. Rd1 c4 32. Ne5+ Ke6 33. Nxd3 cxd3 34. Rxd3 Nc5 35. Re3+ Kd7 36. b3 Nxb3 37. g4 hxg4 38. hxg4 Nc5 39. Bg5 Ne6 40. f4 1-0

[Event "Graz Land-ch"]
[Site "Graz"]
[Date "2014.09.13"]
[Round "6"]
[White "Kristoferitsch, Daniel"]
[Black "Saeckl, Guenther"]
[Result "1-0"]
[WhiteElo "1541"]
[BlackElo "1446"]
[PlyCount "69"]
[EventDate "2014.09.08"]
[EventType "swiss"]
[EventRounds "7"]
[EventCountry "AUT"]
[SourceTitle "CBM 162 Extra"]
[Source "ChessBase"]
[SourceDate "2014.10.17"]
[SourceVersion "1"]
[SourceVersionDate "2014.10.17"]
[SourceQuality "1"]

1. d4 Nf6 2. c4 d5 3. cxd5 Nxd5 4. e4 Nb6 5. Nc3 Bd7 6. Nf3 e6 7. Be3 Bb4 8. Bd3 Ba4 9. Qe2 a6 10. 0-0 Bd7 11. a3 Be7 12. Rac1 0-0 13. Rfe1 f5 14. exf5 exf5 15. Bf4 Bd6 16. Bxd6 cxd6 17. d5 Qf6 18. Qe7 Qh6 19. Ng5 Nc6 20. dxc6 Rae8 21. cxd7 Rxe7 22. Rxe7 Qxg5 23. Rce1 Qf4 24. a4 a5 25. Bb5 Nxd7 26. Bxd7 h6 27. Be6+ Kh7 28. Rxb7 Qd2 29. Rd1 Qg5 30. Rd7 Re8 31. R7xd6 Qe7 32. Nd5 Qxd6 33. Nf6+ gxf6 34. Rxd6 Kg6 35. g3 1-0

[Event "Graz Land-ch"]
[Site "Graz"]
[Date "2014.09.10"]
[Round "3"]
[White "Wenger, Klaus"]
[Black "Saeckl, Guenther"]
[Result "0-1"]
[WhiteElo "1885"]
[BlackElo "1446"]
[PlyCount "60"]
[EventDate "2014.09.08"]
[EventType "swiss"]
[EventRounds "7"]
[EventCountry "AUT"]
[SourceTitle "CBM 162 Extra"]
[Source "ChessBase"]
[SourceDate "2014.10.17"]
[SourceVersion "1"]
[SourceVersionDate "2014.10.17"]
[SourceQuality "1"]

1. e4 e5 2. Nf3 Bd6 3. Bc4 Nf6 4. d3 c6 5. 0-0 0-0 6. Nc3 h6 7. Nh4 Bc7 8. Qf3 d5 9. Bb3 Nxe4 10. dxe4 Qxh4 11. h3 d4 12. Ne2 Be6 13. Ng3 Nd7 14. Bxe6 fxe6 15. Qb3 Nc5 16. Qc4 Bd6 17. a4 b5 18. axb5 cxb5 19. Qe2 d3 20. cxd3 Nb3 21. Ra6 Nd4 22. Qg4 Qxg4 23. hxg4 Bc5 24. Be3 Bb6 25. Rc1 Rf6 26. Kf1 Nb3 27. Rc2 Bxe3 28. Nh5 Rf7 29. f3 Bb6 30. Rc3 Nc5 0-1